<?xml version="1.0" encoding="UTF-8"?><?xml-stylesheet type="text/xsl" href="static/style.xsl"?><OAI-PMH xmlns="http://www.openarchives.org/OAI/2.0/" xmlns:xsi="http://www.w3.org/2001/XMLSchema-instance" xsi:schemaLocation="http://www.openarchives.org/OAI/2.0/ http://www.openarchives.org/OAI/2.0/OAI-PMH.xsd"><responseDate>2026-04-14T02:08:55Z</responseDate><request verb="GetRecord" identifier="oai:www.recercat.cat:10230/33696" metadataPrefix="marc">https://recercat.cat/oai/request</request><GetRecord><record><header><identifier>oai:recercat.cat:10230/33696</identifier><datestamp>2025-12-13T21:22:23Z</datestamp><setSpec>com_2072_6</setSpec><setSpec>col_2072_452952</setSpec></header><metadata><record xmlns="http://www.loc.gov/MARC21/slim" xmlns:dcterms="http://purl.org/dc/terms/" xmlns:xsi="http://www.w3.org/2001/XMLSchema-instance" xmlns:doc="http://www.lyncode.com/xoai" xsi:schemaLocation="http://www.loc.gov/MARC21/slim http://www.loc.gov/standards/marcxml/schema/MARC21slim.xsd">
   <leader>00925njm 22002777a 4500</leader>
   <datafield ind2=" " ind1=" " tag="042">
      <subfield code="a">dc</subfield>
   </datafield>
   <datafield ind2=" " ind1=" " tag="720">
      <subfield code="a">Bustamante, Marta F.</subfield>
      <subfield code="e">author</subfield>
   </datafield>
   <datafield ind2=" " ind1=" " tag="720">
      <subfield code="a">Morcillo Suárez, Carlos, 1969-</subfield>
      <subfield code="e">author</subfield>
   </datafield>
   <datafield ind2=" " ind1=" " tag="720">
      <subfield code="a">Leyva, Laura</subfield>
      <subfield code="e">author</subfield>
   </datafield>
   <datafield ind2=" " ind1=" " tag="720">
      <subfield code="a">Fernández, Oscar</subfield>
      <subfield code="e">author</subfield>
   </datafield>
   <datafield ind2=" " ind1=" " tag="720">
      <subfield code="a">Farré, Xavier</subfield>
      <subfield code="e">author</subfield>
   </datafield>
   <datafield ind2=" " ind1=" " tag="720">
      <subfield code="a">Navarro i Cuartiellas, Arcadi, 1969-</subfield>
      <subfield code="e">author</subfield>
   </datafield>
   <datafield ind2=" " ind1=" " tag="720">
      <subfield code="a">Comabella López, Manuel</subfield>
      <subfield code="e">author</subfield>
   </datafield>
   <datafield ind2=" " ind1=" " tag="260">
      <subfield code="c">2018-01-19T11:19:17Z</subfield>
   </datafield>
   <datafield ind2=" " ind1=" " tag="260">
      <subfield code="c">2018-01-19T11:19:17Z</subfield>
   </datafield>
   <datafield ind2=" " ind1=" " tag="260">
      <subfield code="c">2015</subfield>
   </datafield>
   <datafield ind2=" " ind1=" " tag="520">
      <subfield code="a">OBJECTIVES: We aimed to investigate the association between polymorphisms located in type I interferon (IFN)-induced genes, genes belonging to the toll-like receptor (TLR) pathway, and genes encoding neurotransmitter receptors and the response to IFN-β treatment in patients with multiple sclerosis (MS). METHODS: In a first or screening phase of the study, 384 polymorphisms were genotyped in 830 patients with MS classified into IFN-β responders (n = 416) and nonresponders (n = 414) according to clinical criteria. In a second or validation phase, the most significant polymorphisms associated with IFN-β response were genotyped in an independent validation cohort of 555 patients with MS (281 IFN-β responders and 274 nonresponders). RESULTS: Seven single nucleotide polymorphisms (SNPs) were selected from the screening phase for further validation: rs832032 (GABRR3; p = 0.0006), rs6597 (STUB1; p = 0.019), rs3747517 (IFIH1; p = 0.010), rs2277302 (PELI3; p = 0.017), rs10958713 (IKBKB; p = 0.003), rs2834202 (IFNAR1; p = 0.030), and rs4422395 (CXCL1; p = 0.017). None of these SNPs were significantly associated with IFN-β response when genotyped in an independent cohort of patients. Combined analysis of these SNPs in all patients with MS (N = 1,385) revealed 2 polymorphisms associated with IFN-β response: rs2277302 (PELI3; p = 0.008) and rs832032 (GABRR3; p = 0.006). CONCLUSIONS: These findings do not support an association between polymorphisms located in genes related to the type I IFN or TLR pathways or genes encoding neurotransmitter receptors and the clinical response to IFN-β. Nevertheless, additional genetic and functional studies of PELI3 and GABRR3 are warranted.</subfield>
   </datafield>
   <datafield ind2=" " ind1=" " tag="520">
      <subfield code="a">SM is early stage researcher of the FP7 (2007-2013) Marie Curie Initial Training Network &amp;quot;UEPHA*MS&amp;quot; (2008-2012; Grant Agreement Number 212877). Spanish Ministry of Economy and Competitiveness, SAF/ 2012-34670, MS research, 2013-2015. Ministerio de Economía y Competitividad (MINECO) Convocatoria Proyectos de Investigación 2012 (Madrid, Spain); Funciones intracelulares de tipo-no-citoquina de las subunidades de la familia IL-12; SAF2012-32118. Dirección General de Investigación Científica y Técnica - DGICYT. Spanish Government (BFU2012-38236).</subfield>
   </datafield>
   <datafield tag="653" ind2=" " ind1=" ">
      <subfield code="a">Interferon-induced genes</subfield>
   </datafield>
   <datafield tag="653" ind2=" " ind1=" ">
      <subfield code="a">Toll-like receptor</subfield>
   </datafield>
   <datafield tag="653" ind2=" " ind1=" ">
      <subfield code="a">Multiple sclerosis</subfield>
   </datafield>
   <datafield ind2="0" ind1="0" tag="245">
      <subfield code="a">Pharmacogenomic study in patients with multiple sclerosis&#xd;
Responders and nonresponders to IFN-β</subfield>
   </datafield>
</record></metadata></record></GetRecord></OAI-PMH>